000
00250nam a22001217a 4500
041
_a
ENG
100
_a
D,B.S.K.K.V
245
_a
Xxxvlll Annual Convention
260
_a
Dapoli
_b
CAET
_c
2004
300
_a
341
650
_a
GAE (15)
856
_u
GAE (15)
999
_c
2984
_d
2984